शाने-पंजाब / (Record no. 114528)
[ view plain ]
| 000 -LEADER | |
|---|---|
| fixed length control field | 01151nam a22002777a 4500 |
| 005 - DATE AND TIME OF LATEST TRANSACTION | |
| control field | 20170124103010.0 |
| 010 ## - LIBRARY OF CONGRESS CONTROL NUMBER | |
| LC control number | A-656394 |
| 020 ## - INTERNATIONAL STANDARD BOOK NUMBER | |
| Terms of availability | 80.00 |
| 035 ## - SYSTEM CONTROL NUMBER | |
| System control number | A-656394 |
| 037 ## - SOURCE OF ACQUISITION | |
| Source of stock number/acquisition | Cen Lib/Ret |
| 040 ## - CATALOGING SOURCE | |
| Original cataloging agency | DPL |
| Language of cataloging | HN |
| 082 ## - DEWEY DECIMAL CLASSIFICATION NUMBER | |
| Classification number | क |
| Item number | ढंडर |
| 100 ## - MAIN ENTRY--PERSONAL NAME | |
| Personal name | ढंड, रघुबीर |
| 9 (RLIN) | 57181 |
| 245 ## - TITLE STATEMENT | |
| Title | शाने-पंजाब / |
| Statement of responsibility, etc | रघुबीर ढंड ; अनुवादक सोहन ढंड [एवम] अमरीक सिंह दीप |
| 246 ## - VARYING FORM OF TITLE | |
| Title proper/short title | Shane-Panjab / |
| Remainder of title | by Raghubir Dand ; anuwadak Sohan Dand [evam] Amreek Singh Deep |
| 260 ## - PUBLICATION, DISTRIBUTION, ETC. (IMPRINT) | |
| Place of publication, distribution, etc | कानपूर कैंट |
| Name of publisher, distributor, etc | साहित्य सदन |
| Date of publication, distribution, etc | 1992 |
| 270 ## - ADDRESS | |
| Address | |
| 300 ## - PHYSICAL DESCRIPTION | |
| Extent | 142पृ. |
| Dimensions | 21सेमी(सजिल्द ) |
| 650 ## - SUBJECT ADDED ENTRY--TOPICAL TERM | |
| Topical term or geographic name as entry element | हिंदी साहित्य |
| General subdivision | |
| Geographic subdivision | |
| 9 (RLIN) | 57182 |
| 650 ## - SUBJECT ADDED ENTRY--TOPICAL TERM | |
| Topical term or geographic name as entry element | हिंदी साहित्य--कहानियां |
| 9 (RLIN) | 42761 |
| 650 ## - SUBJECT ADDED ENTRY--TOPICAL TERM | |
| Topical term or geographic name as entry element | Hindi literature |
| Form subdivision | |
| 9 (RLIN) | 57183 |
| 650 ## - SUBJECT ADDED ENTRY--TOPICAL TERM | |
| Topical term or geographic name as entry element | Hindi literature--Stories |
| 9 (RLIN) | 57184 |
| 700 ## - ADDED ENTRY--PERSONAL NAME | |
| Personal name | ढंड, सोहन |
| 9 (RLIN) | 2233 |
| 700 ## - ADDED ENTRY--PERSONAL NAME | |
| Personal name | दीप, अमरीक सिंह |
| 9 (RLIN) | 5807 |
| 942 ## - ADDED ENTRY ELEMENTS (KOHA) | |
| Source of classification or shelving scheme | Dewey Decimal Classification |
| Koha item type | Hindi Books |
| Classification part | क |
| Call number suffix | ढंडर |
| Withdrawn status | Lost status | Damaged status | Not for loan | Home library | Current library | Date acquired | Source of acquisition | Cost, normal purchase price | Total Checkouts | Full call number | Barcode | Date last seen | Copy number | Cost, replacement price | Price effective from | Koha item type |
|---|---|---|---|---|---|---|---|---|---|---|---|---|---|---|---|---|
| Central Library | Central Library | 18/08/2015 | Cen Lib/Ret | 80.00 | क ढंडर | A-656394 | 18/08/2015 | 100.00 | 80.00 | 18/08/2015 | Hindi Books |
